| 000 | 01044nam a2200229Ia 4500 | ||
|---|---|---|---|
| 999 |
_c37668 _d37668 |
||
| 001 | 3640 | ||
| 003 | GE_BSU | ||
| 005 | 20190520160639.0 | ||
| 008 | 181216s1974|||| |||||||||||||| ||geo|| | ||
| 040 | _cGE_BSU | ||
| 041 | _ageo | ||
| 080 | _a528.48(075.8):622.1 თ–40 | ||
| 100 |
_aთევზაძე,ნ _91425 |
||
| 245 |
_aსაინჟინრო გეოდეზია : 10 ნაწილად. ნაწ. 1 : სამყაროს ფიზიკური და გეომეტრიული ელემენტები / _cნ. თევზაძე ; რედ : პ.ლაბარტყავა. |
||
| 264 |
_aთბილისი : _bგანათლება, _c1974. |
||
| 300 |
_a305 გვ . ; _bილ. _c26 სმ. |
||
| 504 | _aბიბლიოგრაფია: გვ. 305. | ||
| 653 | _aსაინჟინრო გეოდეზია | ||
| 653 | _aგეოდეზია | ||
| 700 |
_aლაბარტყავა, პ _eრედაქტორი _9523 |
||
| 942 |
_cBK _2udc |
||